00970nam a22001817a 4500003000900000008004100009040007100050082001800121100001900139245004400158260004300202300002800245440002400273505042900297650002300726650001400749650002500763AR-CdUCM190325b ||||| |||| 00| 0 spa d aMUNICIPALIDAD PROVINCIAL DEL CUSCOcBIBLIOTECA MUNICIPAL DEL CUSCO a217.7 /b D19 aDalmau, Josep. aAgonía del autoritarismo católico / aMéxico :bEditorial Grijalbo,c1971. a160 páginas ;c17 cm. aColección 70n107 aContenido: La sedicente crisis de obediencia - Una Iglesia sin obediencia: en comunión - La obediencia en el nacimiento de la "sociedad canónica" - Frente a la Reforma, concentración de la autoridad - La obediencia condicionada por la estructura del gobierno - La incorporación del diálogo en la Iglesia Católica - El pueblo de Dios como fundamento teológico de la Iglesia - Esbozo de una resistencia eclesial. aIglesia Católica aAutoridad aSocialismo cristiano